<?xml version="1.0" encoding="UTF-8"?><?xml-stylesheet type="text/xsl" href="static/style.xsl"?><OAI-PMH xmlns="http://www.openarchives.org/OAI/2.0/" xmlns:xsi="http://www.w3.org/2001/XMLSchema-instance" xsi:schemaLocation="http://www.openarchives.org/OAI/2.0/ http://www.openarchives.org/OAI/2.0/OAI-PMH.xsd"><responseDate>2026-06-07T04:53:30Z</responseDate><request verb="GetRecord" identifier="oai:riuma.uma.es:10630/10167" metadataPrefix="marc">https://riuma.uma.es/rest/oai/request</request><GetRecord><record><header><identifier>oai:riuma.uma.es:10630/10167</identifier><datestamp>2026-02-03T12:55:39Z</datestamp><setSpec>com_10630_4717</setSpec><setSpec>com_10630_3139</setSpec><setSpec>com_10630_10</setSpec><setSpec>col_10630_9836</setSpec></header><metadata><record xmlns="http://www.loc.gov/MARC21/slim" xmlns:dcterms="http://purl.org/dc/terms/" xmlns:doc="http://www.lyncode.com/xoai" xmlns:xsi="http://www.w3.org/2001/XMLSchema-instance" xsi:schemaLocation="http://www.loc.gov/MARC21/slim http://www.loc.gov/standards/marcxml/schema/MARC21slim.xsd">
   <leader>00925njm 22002777a 4500</leader>
   <datafield ind2=" " ind1=" " tag="042">
      <subfield code="a">dc</subfield>
   </datafield>
   <datafield ind2=" " ind1=" " tag="720">
      <subfield code="a">Rabassa Figueras, Noemí</subfield>
      <subfield code="e">author</subfield>
   </datafield>
   <datafield ind2=" " ind1=" " tag="260">
      <subfield code="c">2015-05-20</subfield>
   </datafield>
   <datafield ind2=" " ind1=" " tag="520">
      <subfield code="a">El libro es el resultado de los conocimientos que la autora Assumpció Huertas comparte tras años de dedicación constante al estudio de las estrategias de comunicación que llevan a cabo los territorios y destinos para conseguir una mayor visibilidad de imagen y marca, con el objetivo principal que sirva de guía y ayuda a los que tienen dicha responsabilidad, y dónde se reivindica que esta responsabilidad sea propia de la disciplina de las relaciones públicas por sus características y competencias. Cuenta con el prólogo de Jordi Xifra, que señala el contenido como valiente e innovador, y que aporta una visión novedosa, interdisciplinar y bien fundamentada de cómo las relaciones públicas pueden servir para la comunicación de territorios, destinos y marcas.</subfield>
   </datafield>
   <datafield ind1="8" ind2=" " tag="024">
      <subfield code="a">2174- 3681</subfield>
   </datafield>
   <datafield ind1="8" ind2=" " tag="024">
      <subfield code="a">http://hdl.handle.net/10630/10167</subfield>
   </datafield>
   <datafield tag="653" ind2=" " ind1=" ">
      <subfield code="a">Relaciones Públicas</subfield>
   </datafield>
   <datafield ind2="0" ind1="0" tag="245">
      <subfield code="a">La comunicación de los territorios, los destinos y sus marcas. Guía práctica de aplicación desde las Relaciones Públicas</subfield>
   </datafield>
</record>
</metadata></record></GetRecord></OAI-PMH>